| 000 | 00503nam a2200205Ia 4500 | ||
|---|---|---|---|
| 005 | 20240823015632.0 | ||
| 008 | 240823s9999||||xx |||||||||||||| ||und|| | ||
| 020 | _a81-7596-220-8 | ||
| 041 | _aENGLISH | ||
| 082 | _A418 P4 | ||
| 100 | _a"Doff,Adrian" | ||
| 245 | 0 | _aLanguage in use( Pre Intermediate Self -Study Work) | |
| 250 | _a1st | ||
| 260 |
_c2004 _bCambridge New |
||
| 500 | _aTRANSFERED | ||
| 650 |
_aLanguage _bEnglish |
||
| 700 | _a Jones Christophe | ||
| 942 | _cBK | ||
| 999 |
_c172886 _d172886 |
||